| 000 | 00930nam a2200229 a 4500 | ||
|---|---|---|---|
| 001 | 22832 | ||
| 003 | CO-ViMGA | ||
| 008 | 141112s2004 ck r 000 u spa d | ||
| 020 | _a958711065X | ||
| 040 |
_aCO-ViMGA _bspa _cCO-ViMGA |
||
| 082 | 0 | 4 | _a344.04192 V174a |
| 100 | 1 |
_aVargas hernandez, Clara Ines _932674 |
|
| 245 | 1 | 0 |
_aEl aborto : _bDespenalización parcial |
| 260 |
_aColombia : _bLeyer |
||
| 300 | _a107p. | ||
| 505 | _aLa vida como un bien constitucionalmente relevante que debe ser protegido por el estado colombiano. Los limites a la potestad de configuracion del legislador en materia penal, El bloque de constitucionalidad como limited a la libertad de configuracion del legislador, en materia prima | ||
| 650 | 1 | 4 |
_aABORTO - LEGISLACION _932675 |
| 650 | 1 | 4 |
_aABORTO - LEGISLACION - ESTUDIOS DE CASOS _932676 |
| 650 | 1 | 4 |
_aDERECHOS HUMANOS _955 |
| 650 | 1 | 4 |
_aLIBERTADES CIVILES _932677 |
| 942 |
_2ddc _cBK |
||
| 999 |
_c31128 _d31128 |
||